Introducción al estudio del derecho / (Registro nro. 8404)
[ vista simple ]
| 000 -LEADER | |
|---|---|
| fixed length control field | 00978nam a2200253Ia 4500 |
| 003 - CONTROL NUMBER IDENTIFIER | |
| control field | OSt |
| 005 - DATE AND TIME OF LATEST TRANSACTION | |
| control field | 20210824142406.0 |
| 008 - FIXED-LENGTH DATA ELEMENTS--GENERAL INFORMATION | |
| fixed length control field | 210310s1944 mx fr 001 0 spa d |
| 040 ## - CATALOGING SOURCE | |
| Original cataloging agency | CO-JMCR |
| Transcribing agency | CO-JMCR |
| 041 0# - LANGUAGE CODE | |
| Language code of text/sound track or separate title | spa |
| 082 04 - DEWEY DECIMAL CLASSIFICATION NUMBER | |
| Classification number | 340.7 / |
| Item number | G215i |
| Edition number | 23 |
| 100 1# - MAIN ENTRY--PERSONAL NAME | |
| Personal name | García Maynez, Eduardo, |
| 9 (RLIN) | 17172 |
| Relator term | autor |
| 245 10 - TITLE STATEMENT | |
| Title | Introducción al estudio del derecho / |
| Statement of responsibility, etc. | Eduardo García Maynez ; prólogo de Virgilio Domínguez |
| 260 ## - PUBLICATION, DISTRIBUTION, ETC. | |
| Place of publication, distribution, etc. | México : |
| Name of publisher, distributor, etc. | Editorial Porrua, |
| Date of publication, distribution, etc. | 1944 |
| 300 ## - PHYSICAL DESCRIPTION | |
| Extent | xi, 436 páginas ; |
| Dimensions | 24 cm. |
| 500 ## - GENERAL NOTE | |
| General note | Incluye índice alfabético de materias y notas a pie de página. |
| 505 0# - FORMATTED CONTENTS NOTE | |
| Formatted contents note | La noción del derecho -- Las disciplinas jurídicas -- Los conceptos jurídicos fundamentales -- La técnica jurídica |
| 650 14 - SUBJECT ADDED ENTRY--TOPICAL TERM | |
| Topical term or geographic name entry element | Derecho |
| 9 (RLIN) | 17174 |
| General subdivision | Enseñanza |
| 650 24 - SUBJECT ADDED ENTRY--TOPICAL TERM | |
| Topical term or geographic name entry element | Filosofía del derecho |
| 9 (RLIN) | 7925 |
| 650 24 - SUBJECT ADDED ENTRY--TOPICAL TERM | |
| Topical term or geographic name entry element | Derechos civiles |
| 9 (RLIN) | 39617 |
| 650 24 - SUBJECT ADDED ENTRY--TOPICAL TERM | |
| Topical term or geographic name entry element | Derechos políticos |
| 9 (RLIN) | 39618 |
| 700 1# - ADDED ENTRY--PERSONAL NAME | |
| Personal name | Domínguez, Virgilio, |
| Relator term | prologuista |
| 9 (RLIN) | 39619 |
| 942 ## - ADDED ENTRY ELEMENTS (KOHA) | |
| Source of classification or shelving scheme | Dewey Decimal Classification |
| Koha item type | Books |
| Withdrawn status | Lost status | Source of classification or shelving scheme | Damaged status | Not for loan | Collection code | Home library | Current library | Date acquired | Source of acquisition | Full call number | Barcode | Date last seen | Copy number | Koha item type |
|---|---|---|---|---|---|---|---|---|---|---|---|---|---|---|
| Dewey Decimal Classification | Non-fiction | Biblioteca Pública José María del Castillo y Rada | Biblioteca Pública José María del Castillo y Rada | 04/15/2018 | Donación | 340.7 / G215i | 430006367 | 05/16/2024 | Ej.1 | Books |